000 00978nam a22002417a 4500
008 240605b mp ||||| |||| 00| 0 mon d
020 _a978-99973-1-840-4
035 _a29046
040 _aDA0445040
_bmon
_cMN-UlNLM
_dMN-UlNLM
_erda
041 _amon
042 _a60960
084 _221
_a808.8992823517
_bН.282
100 _aНанжид Б., Гантулга Б.
245 0 _aНар сар рах
264 _aУБ
_bМонсудар хэвлэлийн газар
_c2020
300 _a32 х.
336 _2rdacontent
_atext
_btxt
337 _2rdamedia
_aunmediated
_bn
338 _2rdacarrier
_avolume
_bnc
650 _aХуухдийн номын Жангар редакцаас бяцхан уншигчдадаа зориулан монгол ардын улгеруудийг зурагт ном болгон цувралаар хүргэж байгаа Э...
942 _210-t
_cBK
999 _c764738
_d764795